แสดงรายละเอียดบรรณานุกรม
  กลับหน้าหลัก

Brief Record : Get Marc (ISO 2709) : E-mail record : QR code ปิดหน้าต่าง
E-books : เกี่ยวกับ Collections
LEADER 00000nam 2200000uu 4500
001    205724
003     ULIBM
008    101208s2553||||th 000 0 tha d
020    978-616-11-0455-9
060  0 WX 155 ห661 2553.
110 1  ^aสำนักงานวิจัยและพัฒนากำลังคนด้านสุขภาพ (สวค) :^bบรรณาธิการ วิรุฬ ลิ้มสวาท,เพ็ญนภา หงษ์ทอง.
245 00 ^aเหตุเกิดที่ขอนแก่น : ^bเมื่อโรงพยาบาลพลาดแต่คนไข้ให้พร/^cสำนักงานวิจัยและพัฒนากำลังคนด้านสุขภาพ (สวค) :บรรณาธิการ วิรุฬ ลิ้มสวาท,เพ็ญนภา หงษ์ทอง.
260    ^aขอนแก่น : ^bสำนักงานวิจัยและพัฒนากำลังคนด้านสุขภาพ,^c2553.
300    ^aจำนวน 123 หน้า ; ^bภาพประกอบ.
650  0 ^aโรงพยาบาลขอนแก่น.
650  0 ^aบริการพยาบาลของโรงพยาบาล.
999    ^aใช้งานได้ทุกระบบ
รายการนี้ยังไม่มีแท็ก
คุณยังไม่ได้ล็อกอิน คุณสามารถมีกิจกรรมร่วมกับเว็บไซต์ได้ แต่ต้องล็อกอินก่อน ::
  ล็อกอิน
ลำดับที่ ประเภท เลขเรียก สถานที่ สถานะ
1. หนังสือทั่วไป
หนังสือทั่วไป
สถานะ=หนังสือเก่า - บริการ ณ ห้องสมุด (ห้องเหลือง)
WX 155 ห661 2553  
  
ห้องสมุด หอพักนักศึกษา (ห้องเหลือง) On Shelf
  ขอยืม
2. หนังสือทั่วไป
หนังสือทั่วไป
สถานะ=หนังสือเก่า - บริการ ณ ห้องสมุด (ห้องเหลือง)
WX 155 ห661 2553. ฉ.2 
  
ห้องสมุด หอพักนักศึกษา (ห้องเหลือง) On Shelf
  ขอยืม
   [แสดง 2/2 รายการ]

BibComment


ยังไม่เคยถูกคอมเมนท์

คอมเมนท์ทรัพยากรรายการนี้
  คอมเมนท์: เหตุเกิดที่ขอนแก..
Bib 205724

 
 
 

 Union Library Management : ULibM
Copyright 2026. All Rights Reserved.
скачать бесплатно без регистрации порно красивый секс HD Sex Hindi sex

xxx gou

xxxx

bfxxx

xxxwww

Секса Видео

xxxx

Секса Видео

detube

geilexxx

C99 Shell

worms shell

blod xxx video
Ebony Coed Rihanna Rimes Takes A Dick In Her Young Twat priyaa indian fuck anal and pusssy hardcore indian women xxx desi hardcore fucking part 1 bengalixxxcouple